|
|
|
|
| LEADER |
01251nam a2200325 a 4500 |
| 001 |
42660 |
| 003 |
BD-DhAAL |
| 008 |
240906r19961995nyu 000 1 eng d |
| 010 |
|
|
|a 95032889
|
| 020 |
|
|
|a 0393315630
|
| 020 |
|
|
|a 9780393315639
|
| 020 |
|
|
|a 0393038459
|
| 040 |
|
|
|a DLC
|c DLC
|d DLC
|d BD-DhAAL
|
| 043 |
|
|
|a e-uk-st
|
| 050 |
0 |
0 |
|a PR6073.E47
|b M37 1996
|
| 082 |
0 |
0 |
|a 823.914
|
| 100 |
1 |
|
|a Welsh, Irvine.
|9 56082
|
| 245 |
1 |
0 |
|a Marabou stork nightmares :
|b a novel /
|c Irvine Welsh.
|
| 250 |
|
|
|a First American edition
|
| 264 |
|
|
|a New York :
|b W.W. Norton & Co.,
|c 1996.
|
| 300 |
|
|
|a 264 pages ;
|c 22 cm.
|
| 541 |
|
|
|a Donation from the Asia Foundation/Savar Campus Library
|e 42660
|
| 650 |
|
0 |
|a Coma
|x Patients
|x Fiction.
|9 56517
|
| 650 |
|
0 |
|a English fiction.
|
| 651 |
|
0 |
|a Edinburgh (Scotland)
|x Fiction.
|9 56518
|
| 655 |
|
7 |
|a Psychological fiction.
|2 lcsh
|
| 852 |
|
|
|a Savar Campus Library
|c General Stacks
|
| 942 |
|
|
|2 ddc
|c BK
|
| 999 |
|
|
|c 46710
|d 46710
|
| 952 |
|
|
|0 0
|1 0
|2 ddc
|4 0
|6 823_914000000000000_WEL
|7 0
|9 75621
|a SCL
|b SCL
|c GEN
|d 2024-06-09
|e Donation from the Asia Foundation/Savar Campus Library
|g 1528.00
|l 1
|o 823.914 WEL
|p 3020042660
|r 2025-07-07
|s 2025-07-01
|t 1
|w 2024-06-09
|y BK
|x Donation from the Asia Foundation/Savar Campus Library ; USD 13.00
|